Statistics for Most Peaceful Countries

Click here to take the quiz!

General Stats

  • This quiz has been taken 21 times
  • The average score is 19 of 24

Answer Stats

Peace percentageCountry% Correct
1.402Finland
100%
1.506Netherlands
100%
1.46Sweden
100%
1.47Australia
95%
1.256Denmark
95%
1.1Iceland
95%
1.253New Zealand
95%
1.438Norway
95%
1.317Austria
89%
1.496Belgium
84%
1.326Ireland
84%
1.373Japan
84%
1.524Poland
84%
1.323Switzerland
84%
1.33Canada
79%
1.494Hungary
74%
1.48Croatia
68%
1.267Portugal
68%
1.347Singapore
68%
1.315Slovenia
68%
1.329Czech Republic
63%
1.48Germany
63%
1.51Bhutan
42%
1.515Malaysia
32%

Score Distribution

Percentile by Number Answered

Percent of People with Each Score

Your Score History

You have not taken this quiz